000 00728nas a2200253 4500
001 BR2010000153
003 BR-BrBNA
005 20231205113815.0
007 ta
008 230509b bl.|||p| |||| 00| 00por d
040 _aBR-BrBNA
_bpor
_cBiblioteca Nacional de Agricultura
041 _a(Pt)
072 _aH10
100 1 _aMacedo, L.P.M.
100 1 _aGuedes, J.V.C.
100 1 _aGarcia, J.F.
245 1 _aCucurbitacinas como fator de resistência a insetos-praga
650 _aCUCURBITACEAE
650 _aINSETO
650 _aVARIEDADE RESISTENTE
773 0 _tCaatinga (Brazil)
_xISSN 0100-316X
_g(2007), v. 20(2) p. 127-132
_wBR2010000153
909 _a202311
_bLúcia
_c55
_dLúcia Elande
942 _2AGRIS
_n0
_cANA
999 _c205726
_d205726